A "zsidó nő" ideje és a hagyomány teremtésének láncolata adaptációs stratégiák működtetése a Múlt és Jövő folyóiratban /

It is undisputed that the emancipation of women, including Jewish women had been more or less completed by the beginning of the 20th century.This process had not only substantially endangered the male dominated positions but created new identity patterns for women. Then again, the literary appearanc...

Teljes leírás

Elmentve itt :
Bibliográfiai részletek
Szerző: Földvári József
Dokumentumtípus: Könyv része
Megjelent: 2014
Sorozat:A vallási kultúrakutatás könyvei
Hagyományláncolat és modernitás
Kulcsszavak:Nők helyzete - Magyarország - 1920-as évek, Zsidók története - Magyarország - 1920-as évek
Tárgyszavak:
Online Access:http://acta.bibl.u-szeged.hu/67210
LEADER 01605naa a2200253 i 4500
001 acta67210
005 20211122073743.0
008 200526s2014 hu o 0|| hun d
020 |a 978-963-306-283-8 
022 |a 2064-4825 
040 |a SZTE Egyetemi Kiadványok Repozitórium  |b hun 
041 |a hun 
041 |a eng 
100 1 |a Földvári József 
245 1 2 |a A "zsidó nő" ideje és a hagyomány teremtésének láncolata   |h [elektronikus dokumentum] :  |b adaptációs stratégiák működtetése a Múlt és Jövő folyóiratban /  |c  Földvári József 
260 |c 2014 
300 |a 248-258 
490 0 |a A vallási kultúrakutatás könyvei 
490 0 |a Hagyományláncolat és modernitás 
520 3 |a It is undisputed that the emancipation of women, including Jewish women had been more or less completed by the beginning of the 20th century.This process had not only substantially endangered the male dominated positions but created new identity patterns for women. Then again, the literary appearance of the ‚Jewish’ Other puts the very basis of the phallogocentric order into question and re-interprets the roles of Tradition.In my paper, I attempt to detect to what extent such findings may be valid regarding the works of Hungarian Jewish women writers of the first half of the 20th century. 
650 4 |a Társadalomtudományok 
650 4 |a Szociológia 
695 |a Nők helyzete - Magyarország - 1920-as évek, Zsidók története - Magyarország - 1920-as évek 
856 4 0 |u http://acta.bibl.u-szeged.hu/67210/1/vallasi_kulturakutatas_konyvei_011_248-258.pdf  |z Dokumentum-elérés